[Event "Asia zt 3.2 (Women)"]
[Site "Dhaka"]
[Date "2023.05.07"]
[Round "6"]
[White "Hamid, Rani"]
[Black "Kazi Zarin, Tasnim"]
[Result "1/2-1/2"]
[WhiteElo "1800"]
[BlackElo "1841"]
[PlyCount "92"]
[EventDate "2023.05.02"]
[EventType "tourn"]
[EventRounds "9"]
[EventCountry "BAN"]
[SourceTitle "CBM 215 Extra"]
[Source "ChessBase"]
[SourceDate "2023.09.30"]
[SourceVersion "1"]
[SourceVersionDate "2023.09.30"]
[SourceQuality "1"]

1. e4 e5 2. Nf3 Nc6 3. Bb5 a6 4. Ba4 d6 5. c3 Bd7 6. d4 Nf6 7. Nbd2 g6 8. 0-0 Bg7 9. Re1 exd4 10. cxd4 0-0 11. Nf1 b5 12. Bb3 Bg4 13. Be3 Na5 14. Bc2 Re8 15. h3 Be6 16. d5 Bd7 17. Bd4 c5 18. dxc6 Bxc6 19. Ng3 d5 20. e5 Nd7 21. b3 Qc7 22. e6 fxe6 23. Bxg7 Kxg7 24. Ng5 e5 25. Nxh7 e4 26. Ng5 Re5 27. Qg4 Rae8 28. Rac1 Nf6 29. Qf4 Qe7 30. h4 Bb7 31. Qe3 Nc6 32. Ne2 Qb4 33. Qb6 R8e7 34. Red1 e3 35. f4 Nd7 36. Qxb7 Ndb8 37. Qb6 Rxg5 38. hxg5 Qd6 39. g3 Qe6 40. g4 Qxg4+ 41. Kh1 Qf3+ 42. Kg1 Qf2+ 43. Kh1 Re8 44. Qc7+ Re7 45. Qd6 Qf3+ 46. Kg1 Qf2+ 1/2-1/2

[Event "BAN-chT Walton (Women)"]
[Site "Dhaka"]
[Date "2023.03.26"]
[Round "5"]
[White "Zowena, Mehbish"]
[Black "Kazi Zarin, Tasnim"]
[Result "0-1"]
[WhiteElo "1121"]
[BlackElo "1837"]
[PlyCount "36"]
[EventDate "2023.03.22"]
[EventType "team-tourn"]
[EventRounds "7"]
[EventCountry "BAN"]
[SourceTitle "CBM 213 Extra"]
[Source "ChessBase"]
[SourceDate "2023.05.31"]
[SourceVersion "1"]
[SourceVersionDate "2023.05.31"]
[SourceQuality "1"]
[WhiteTeam "Sheikh Russel (W)"]
[BlackTeam "Bangladesh Navy (W)"]
[WhiteTeamCountry "BAN"]
[BlackTeamCountry "BAN"]

1. e4 e5 2. Nf3 Nc6 3. Bc4 Bc5 4. Nc3 Nf6 5. d3 a6 6. 0-0 d6 7. h3 Na5 8. Bb3 0-0 9. Bg5 Nxb3 10. axb3 h6 11. Bh4 g5 12. Bg3 Nh5 13. Bh2 g4 14. Nd2 Qh4 15. Kh1 Bxf2 16. Ne2 g3 17. Bg1 Bg4 18. b4 Nf4 0-1

[Event "BAN-ch (Women)"]
[Site "Dhaka"]
[Date "2022.11.17"]
[Round "1"]
[White "Sabiha, Marjana"]
[Black "Kazi Zarin, Tasnim"]
[Result "1/2-1/2"]
[WhiteElo "1267"]
[BlackElo "1860"]
[PlyCount "174"]
[EventDate "2022.11.17"]
[EventType "tourn"]
[EventRounds "11"]
[EventCountry "BAN"]
[SourceTitle "CBM 211 Extra"]
[Source "ChessBase"]
[SourceDate "2023.01.31"]
[SourceVersion "1"]
[SourceVersionDate "2023.01.31"]
[SourceQuality "1"]

1. Nf3 Nf6 2. g3 c5 3. b3 Nc6 4. Bg2 d5 5. d3 e5 6. Bb2 Bd6 7. Nbd2 0-0 8. 0-0 Re8 9. e4 d4 10. Nc4 Bf8 11. a3 g6 12. c3 b5 13. Ncd2 dxc3 14. Bxc3 Qxd3 15. Bb2 Bh6 16. Re1 Bg4 17. Bf1 Qd7 18. Bxb5 Bxd2 19. Qxd2 Rad8 20. Qxd7 Nxd7 21. Bxc6 Bxf3 22. Rac1 Re6 23. Bxd7 Rxd7 24. Rxc5 f6 25. Rc3 Bg4 26. f3 Bh3 27. Kf2 Red6 28. g4 Rd2+ 29. Re2 Rd1 30. Rc1 Bf1 31. Rxd1 Rxd1 32. Re1 Rd2+ 33. Kxf1 Rxb2 34. Re3 Rxh2 35. Rc3 Rb2 36. b4 a5 37. bxa5 Rb5 38. a4 Rxa5 39. Rc4 Kg7 40. Ke2 Kh6 41. Kf2 Kg5 42. Kg3 h6 43. Rb4 h5 44. gxh5 gxh5 45. Rc4 h4+ 46. Kh3 Kf4 47. Kxh4 Kxf3 48. Kh5 Kf4 49. Rb4 Ra6 50. Kh4 Kf3 51. Kh3 Ra8 52. Kh2 Ke3 53. Kg2 Rg8+ 54. Kf1 Kd3 55. Kf2 Ra8 56. Kf3 Ra6 57. Kg4 Kc3 58. Rb5 Rxa4 59. Kf5 Kd3 60. Kxf6 Kd4 61. Rxe5 Ra6+ 62. Kf5 Ra1 63. Rd5+ Kc4 64. Ke6 Rh1 65. Rd2 Rh6+ 66. Kf5 Rh5+ 67. Kg4 Rh1 68. e5 Kc5 69. e6 Re1 70. Kf5 Kc6 71. Kf6 Rf1+ 72. Ke7 Rh1 73. Rf2 Rh7+ 74. Rf7 Rh8 75. Kf6 Kd6 76. Rd7+ Kc6 77. Kg7 Rh1 78. Rf7 Kd6 79. e7 Kd7 80. Kf8 Rh8+ 81. Kg7 Rh1 82. Kf6 Rf1+ 83. Kg7 Rh1 84. Kg8 Ke8 85. Rg7 Re1 86. Rh7 Rxe7 87. Rxe7+ Kxe7 1/2-1/2

[Event "BAN-ch U20 Girls"]
[Site "Dhaka"]
[Date "2022.02.17"]
[Round "3"]
[White "Wadifa, Ahmed"]
[Black "Kazi Zarin, Tasnim"]
[Result "0-1"]
[WhiteElo "1786"]
[BlackElo "1801"]
[PlyCount "62"]
[EventDate "2022.02.15"]
[EventType "swiss"]
[EventRounds "9"]
[EventCountry "BAN"]
[SourceTitle "CBM 207 Extra"]
[Source "ChessBase"]
[SourceDate "2022.05.31"]
[SourceVersion "1"]
[SourceVersionDate "2022.05.31"]
[SourceQuality "1"]

1. e4 e5 2. Nf3 Nc6 3. Bb5 a6 4. Ba4 b5 5. Bb3 Na5 6. Nxe5 Nxb3 7. axb3 Qe7 8. d4 d6 9. Nf3 Qxe4+ 10. Qe2 Qxe2+ 11. Kxe2 Bb7 12. Re1 Kd7 13. Be3 Ne7 14. c4 Nf5 15. g4 Nh6 16. h3 f5 17. g5 Nf7 18. Nh4 g6 19. Nc3 c6 20. cxb5 cxb5 21. Kd2 Bg7 22. f3 Nd8 23. Ke2 Ne6 24. Red1 Rhe8 25. Kf1 f4 26. d5 fxe3 27. dxe6+ Rxe6 28. Rd3 Rf8 29. Kg2 Rf4 30. Kg3 Be5 31. Rxe3 Rxf3+ 0-1

[Event "BAN-ch (Women)"]
[Site "Dhaka"]
[Date "2022.01.03"]
[Round "6"]
[White "Alizah, Nusaiba Islam"]
[Black "Kazi Zarin, Tasnim"]
[Result "0-1"]
[WhiteElo "1156"]
[BlackElo "1829"]
[PlyCount "96"]
[EventDate "2021.12.29"]
[EventType "swiss"]
[EventRounds "11"]
[EventCountry "BAN"]
[SourceTitle "EXT 2023"]
[Source "ChessBase"]
[SourceDate "2022.10.05"]
[SourceVersion "1"]
[SourceVersionDate "2022.10.05"]
[SourceQuality "1"]

1. e4 e5 2. Nf3 Nc6 3. d3 Bc5 4. Nc3 Nf6 5. Bg5 h6 6. Be3 Bxe3 7. fxe3 d5 8. d4 exd4 9. exd4 dxe4 10. Ne5 Qxd4 11. Qxd4 Nxd4 12. 0-0-0 Ne6 13. Bc4 0-0 14. Rhe1 b6 15. Nxe4 Nxe4 16. Rxe4 Bb7 17. Re2 Rfe8 18. g3 Nc5 19. Nd7 Bf3 20. Rxe8+ Rxe8 21. Rf1 Nxd7 22. Rxf3 Ne5 23. Re3 Kf8 24. Bb5 c6 25. Be2 Ng6 26. Rxe8+ Kxe8 27. c4 Ne5 28. b3 f5 29. h3 Ke7 30. Kd2 Kd6 31. b4 Nf7 32. h4 Ke5 33. Ke3 Nd6 34. b5 cxb5 35. cxb5 Ne4 36. g4 Nc3 37. gxf5 Nxe2 38. Kxe2 Kxf5 39. Kd3 Ke5 40. Ke3 Kd5 41. Kf4 g6 42. Kg4 Kc5 43. Kf4 Kxb5 44. Ke5 Ka4 45. Kf6 g5 46. h5 g4 47. Kg6 g3 48. Kxh6 g2 0-1

[Event "BAN-ch (Women)"]
[Site "Dhaka"]
[Date "2022.01.02"]
[Round "5"]
[White "Kazi Zarin, Tasnim"]
[Black "Nusrat Jahan, Alo"]
[Result "0-1"]
[WhiteElo "1829"]
[BlackElo "1766"]
[PlyCount "74"]
[EventDate "2021.12.29"]
[EventType "swiss"]
[EventRounds "11"]
[EventCountry "BAN"]
[SourceTitle "EXT 2023"]
[Source "ChessBase"]
[SourceDate "2022.10.05"]
[SourceVersion "1"]
[SourceVersionDate "2022.10.05"]
[SourceQuality "1"]

1. e4 c5 2. Nf3 e6 3. d4 cxd4 4. Nxd4 a6 5. Bd3 Qc7 6. Qe2 Nc6 7. Nxc6 bxc6 8. 0-0 d6 9. c4 Nf6 10. Nc3 Be7 11. f4 0-0 12. g4 d5 13. g5 dxe4 14. Nxe4 Nxe4 15. Qxe4 g6 16. Be3 c5 17. Qf3 Bb7 18. Qg3 Qc6 19. h4 Rfd8 20. Be2 Qe4 21. Rae1 Qc2 22. Kf2 Be4 23. Rb1 Bd3 24. Rfe1 Bxe2 25. Rbc1 Qxb2 26. Rxe2 Qa3 27. h5 Rab8 28. Rcc2 Rb1 29. f5 Bd6 30. Qh4 exf5 31. Bf4 Bxf4 32. Qxf4 Qh3 33. Re1 Rxe1 34. Kxe1 Qh1+ 35. Kf2 Qh3 36. Re2 Qh2+ 37. Kf1 Qxh5 0-1

[Event "BAN-ch (Women)"]
[Site "Dhaka"]
[Date "2022.01.01"]
[Round "4"]
[White "Mst Tanjina, Akter Champa"]
[Black "Kazi Zarin, Tasnim"]
[Result "0-1"]
[WhiteElo "1220"]
[BlackElo "1829"]
[PlyCount "90"]
[EventDate "2021.12.29"]
[EventType "swiss"]
[EventRounds "11"]
[EventCountry "BAN"]
[SourceTitle "EXT 2023"]
[Source "ChessBase"]
[SourceDate "2022.10.05"]
[SourceVersion "1"]
[SourceVersionDate "2022.10.05"]
[SourceQuality "1"]

1. e4 e5 2. Nf3 Nc6 3. Bc4 Bc5 4. d3 h6 5. a3 d6 6. h3 Nf6 7. Nc3 a6 8. 0-0 0-0 9. Re1 Re8 10. b4 Ba7 11. Bb2 Be6 12. Ne2 Bxc4 13. dxc4 Nxe4 14. Rf1 Re6 15. Qd3 Ng5 16. Rad1 Nxf3+ 17. Qxf3 Qh4 18. Ng3 Qxc4 19. Rd2 Rf6 20. Nf5 Kf8 21. Qh5 Qf4 22. Qg4 Rxf5 23. Qxf4 Rxf4 24. Kh2 Re8 25. Bc1 Rf5 26. g4 Rf6 27. Re2 Nd4 28. Re4 d5 29. Rxd4 exd4 30. Kg2 Re2 31. g5 hxg5 32. Bxg5 Rf5 33. h4 f6 34. Bc1 Rxc2 35. Kg3 d3 36. Rd1 Bxf2+ 37. Kg4 g6 38. h5 Rc4+ 39. Kh3 Rxh5+ 40. Kg2 Rc2 41. Rxd3 Be3+ 42. Kf3 Bxc1 43. a4 Rh3+ 44. Kg4 Rxd3 45. a5 Rc4# 0-1

[Event "BAN-ch (Women)"]
[Site "Dhaka"]
[Date "2021.12.30"]
[Round "2"]
[White "Shoptorshi, Rahman"]
[Black "Kazi Zarin, Tasnim"]
[Result "0-1"]
[WhiteElo "1276"]
[BlackElo "1829"]
[PlyCount "108"]
[EventDate "2021.12.29"]
[EventType "swiss"]
[EventRounds "11"]
[EventCountry "BAN"]
[SourceTitle "EXT 2023"]
[Source "ChessBase"]
[SourceDate "2022.10.05"]
[SourceVersion "1"]
[SourceVersionDate "2022.10.05"]
[SourceQuality "1"]

1. e4 e5 2. Nf3 Nc6 3. Bb5 a6 4. Ba4 Nf6 5. Nc3 b5 6. Bb3 d6 7. a3 Bg4 8. h3 Bxf3 9. gxf3 Nd4 10. Ba2 Nh5 11. d3 c6 12. Nb1 Qf6 13. Nd2 Nf4 14. Nb3 Ng2+ 15. Kf1 Nxb3 16. Bxb3 Nh4 17. Rg1 Qxf3 18. Qxf3 Nxf3 19. Rg3 Nd4 20. f4 g6 21. Be3 Nxb3 22. cxb3 Bh6 23. fxe5 Bxe3 24. Rxe3 dxe5 25. Rc1 Rc8 26. Rc5 f6 27. Rf3 Ke7 28. b4 Rhf8 29. Ke2 Kd6 30. Rc1 c5 31. Ke3 f5 32. Rf2 f4+ 33. Kf3 Rc6 34. bxc5+ Rxc5 35. Rfc2 Rfc8 36. Rxc5 Rxc5 37. Rxc5 Kxc5 38. h4 Kd4 39. Ke2 a5 40. Kd2 f3 41. b4 a4 42. Ke1 Kxd3 43. Kf2 Kxe4 44. Kf1 Ke3 45. Ke1 f2+ 46. Kf1 Kf3 47. h5 e4 48. h6 Ke3 49. Kg2 Ke2 50. Kg3 f1Q 51. Kh2 Qf4+ 52. Kg1 Qg4+ 53. Kh1 Kf2 54. Kh2 Qh4# 0-1

[Event "Dhaka Sheikh Hasina op"]
[Site "Dhaka"]
[Date "2021.09.26"]
[Round "8"]
[White "Kazi Zarin, Tasnim"]
[Black "Ahmed, Walijah"]
[Result "0-1"]
[WhiteElo "1822"]
[BlackElo "1904"]
[PlyCount "72"]
[EventDate "2021.09.19"]
[EventType "swiss"]
[EventRounds "9"]
[EventCountry "BAN"]
[SourceTitle "CBM 204 Extra"]
[Source "ChessBase"]
[SourceDate "2021.11.30"]
[SourceVersion "1"]
[SourceVersionDate "2021.11.30"]
[SourceQuality "1"]

1. e4 c5 2. Nf3 e6 3. d4 cxd4 4. Nxd4 Nc6 5. Nc3 Qc7 6. Be3 a6 7. Be2 Nf6 8. 0-0 Be7 9. f4 d6 10. Qe1 0-0 11. Qg3 Nxd4 12. Bxd4 b5 13. a3 Bb7 14. Kh1 Rad8 15. Rae1 Bc6 16. Bd3 Qd7 17. Rd1 Nh5 18. Qf3 Nxf4 19. Bxg7 Kxg7 20. Qxf4 e5 21. Qg3+ Kh8 22. Nd5 Bxd5 23. exd5 f5 24. c4 e4 25. Be2 Bf6 26. Qb3 bxc4 27. Qxc4 Bxb2 28. Qxa6 Ra8 29. Bb5 Qe7 30. Qb6 Bxa3 31. Bc6 Rab8 32. Qd4+ Qg7 33. Qa4 Bc5 34. Rf4 Rb2 35. g3 Rg8 36. Rh4 Qc3 0-1